Statystyki dla Państwa, gdzie morze zamarza

Kliknij tutaj aby rozwiązać quiz!

Ogólne statystyki

  • Ten quiz został rozwiązany 10 477 razy
  • Średni wynik to 13 z 16

Statystyki odpowiedzi

Kraj% Poprawnych
Rosja
98%
Norwegia
97%
Kanada
96%
Szwecja
96%
Dania (Grenlandia)
95%
Finlandia
95%
Stany Zjednoczone
94%
Polska
86%
Estonia
82%
Japonia
82%
Łotwa
82%
Litwa
81%
Niemcy
80%
Chiny
72%
Korea Północna
61%
Ukraina
38%

Rozkład punktacji

Percentyl według liczby udzielonych odpowiedzi

Procent ludzi z każdym wynikiem

Twoja historia wyników

Nie rozwiązałeś tego quizu